<?xml version="1.0" encoding="UTF-8"?>
<record
    xmlns:xsi="http://www.w3.org/2001/XMLSchema-instance"
    xsi:schemaLocation="http://www.loc.gov/MARC21/slim http://www.loc.gov/standards/marcxml/schema/MARC21slim.xsd"
    xmlns="http://www.loc.gov/MARC21/slim">

  <leader>04277nam a2200421 a 4500</leader>
  <controlfield tag="001">dia_569</controlfield>
  <controlfield tag="003">CHAP</controlfield>
  <controlfield tag="005">20260216093647.0</controlfield>
  <controlfield tag="007">ta</controlfield>
  <controlfield tag="008">220117s1974    mx ade frm    001 0 spa d</controlfield>
  <datafield tag="010" ind1=" " ind2=" ">
    <subfield code="a">171121</subfield>
  </datafield>
  <datafield tag="040" ind1=" " ind2=" ">
    <subfield code="a">mxchpua</subfield>
    <subfield code="c">CHAP</subfield>
  </datafield>
  <datafield tag="041" ind1="0" ind2=" ">
    <subfield code="a">spa</subfield>
  </datafield>
  <datafield tag="090" ind1=" " ind2=" ">
    <subfield code="a">Tesis</subfield>
    <subfield code="b">H47</subfield>
    <subfield code="c">1974</subfield>
  </datafield>
  <datafield tag="100" ind1="1" ind2=" ">
    <subfield code="a">Herrera Salda&#xF1;a, Roberto</subfield>
  </datafield>
  <datafield tag="245" ind1="1" ind2="0">
    <subfield code="a">An&#xE1;lisis para la instalaci&#xF3;n de una planta pasteurizadora de leche en la regi&#xF3;n Istmatica del estado de Veracruz /</subfield>
    <subfield code="c">Roberto Herrera Salda&#xF1;a</subfield>
  </datafield>
  <datafield tag="264" ind1=" " ind2=" ">
    <subfield code="a">Chapingo, M&#xE9;xico :</subfield>
    <subfield code="b">El autor,</subfield>
    <subfield code="c">1974</subfield>
  </datafield>
  <datafield tag="300" ind1=" " ind2=" ">
    <subfield code="a">ix, 153 hojas :</subfield>
    <subfield code="b">ilustraciones, tablas, gr&#xE1;ficas, planos</subfield>
  </datafield>
  <datafield tag="336" ind1=" " ind2=" ">
    <subfield code="2">rdacontent</subfield>
    <subfield code="a">texto</subfield>
    <subfield code="b">txt</subfield>
  </datafield>
  <datafield tag="337" ind1=" " ind2=" ">
    <subfield code="2">rdamedia</subfield>
    <subfield code="a">no mediado</subfield>
    <subfield code="b">n</subfield>
  </datafield>
  <datafield tag="338" ind1=" " ind2=" ">
    <subfield code="2">rdacarrier</subfield>
    <subfield code="a">volumen</subfield>
    <subfield code="b">nc</subfield>
  </datafield>
  <datafield tag="502" ind1=" " ind2=" ">
    <subfield code="a">Tesis</subfield>
    <subfield code="b">(Ingeniero Agr&#xF3;nomo Especialista en Industrias Agr&#xED;colas) : </subfield>
    <subfield code="b">(Ingeniero Agroindustrial) --</subfield>
    <subfield code="c">ENA. Departamento de Industrias Agr&#xED;colas :</subfield>
    <subfield code="c">UACh. Departamento de Ingenier&#xED;a Agroindustrial,</subfield>
    <subfield code="d">1974</subfield>
  </datafield>
  <datafield tag="504" ind1=" " ind2=" ">
    <subfield code="a">Bibliograf&#xED;a: hoja 153</subfield>
  </datafield>
  <datafield tag="505" ind1=" " ind2=" ">
    <subfield code="a">2 planos : --
1. Ubicaci&#xF3;n de la planta en el terreno --
2. Planta pasteurizadora </subfield>
  </datafield>
  <datafield tag="520" ind1=" " ind2=" ">
    <subfield code="a">Este proyecto trata de resolver, mediante una metodolog&#xED;a ya planteada en este trabajo, &#xE9;l problema de la producci&#xF3;n, sanidad, comercializaci&#xF3;n y consumo, de leche pasteurizada en la regi&#xF3;n denominada "Istmo Veracruzano" por lo que respecta a la producci&#xF3;n, las explotaciones ganaderas tienen coma finalidad principal la obtenci&#xF3;n de carne, siendo la leche un esquilmo; esto se agrava con la falta de control, por parte de los productores, en algunas pr&#xE1;cticas zoot&#xE9;cnicas como son: las cruzas, partos, orde&#xF1;a, forrajes, etc., dando lugar a que el volumen de leche total obtenido sea inferior al que pudiera resultar con una explotaci&#xF3;n m&#xE1;s eficiente. Sin embargo, dicho volumen es de tal magnitud que cabe el hecho de aprovecharlo para su pasteurizaci&#xF3;n y venta, tratando de evitar la intervenci&#xF3;n de compa&#xF1;&#xED;as ajenas a la regi&#xF3;n que actualmente son las que absorben el beneficio de la comercializaci&#xF3;n de la leche. Por otra parte, y complementando lo anterior, se recopilo formaci&#xF3;n con diferentes personas y organismos para tener una idea m&#xE1;s completa de la situaci&#xF3;n real por la que atraviesa la producci&#xF3;n de Leche en la zona referida y sus problemas inherentes, Una vez hecho esto, se procedi&#xF3; a efectuar el estudio detallado del mercado; Cuantificando la oferta para el tiempo del proyecto desde 45264,597 litros por a&#xF1;o en 1973 hasta 65'266,765 litros en 1982. La demanda se divide en dos: total y de leche pasteurizada, para la primera se tienen 24'005,685 litros en 1973 y 56'021,295 litros en 1982 y para la pasteurizada en 1973 14'581,020 litros y en 1982 34'027,490 litros. Se toma en cuenta tambi&#xE9;n el balance comercial regional, y el an&#xE1;lisis de los canceles de comercializaci&#xF3;n para este producto. Haciendo intervenir, para la elaboraci&#xF3;n de todo lo anterior, la localizaci&#xF3;n de la producci&#xF3;n y de los posibles mercados de la misma. A los datos obtenidos dentro y fuera de la zona que nos ocupa, se les practic&#xF3; un an&#xE1;lisis estad&#xED;stico, y en funci&#xF3;n de los resultados hallados, fueron planteadas una serie de alternativas, escogi&#xE9;ndose finalmente la id&#xF3;nea al caso. Dentro de los puntos principales contenidos en la alternativa elegida, est&#xE1;n los planes de recolecci&#xF3;n y distribuci&#xF3;n de leche; el programa de ampliaciones de capacidad de la planta que oscilan entre 14'000 litros diarios para 1974 hasta 511000 litros/d&#xED;a en 1981, manteni&#xE9;ndose constante. de ah&#xED; en adelante; la organizaci&#xF3;n que debieran tener los productores, para facilitar la buena marcha de la empresa, la consecuci&#xF3;n de cr&#xE9;ditos, la apertura de mercados, entre otras.</subfield>
  </datafield>
  <datafield tag="650" ind1="1" ind2="3">
    <subfield code="a">Industria l&#xE1;ctea</subfield>
    <subfield code="2">atg</subfield>
  </datafield>
  <datafield tag="650" ind1="1" ind2="3">
    <subfield code="a">Leche pasteurizada  </subfield>
    <subfield code="2">atg</subfield>
  </datafield>
  <datafield tag="650" ind1="1" ind2="3">
    <subfield code="a">Plantas procesadoras de l&#xE1;cteos  </subfield>
    <subfield code="2">atg</subfield>
  </datafield>
  <datafield tag="650" ind1="1" ind2="3">
    <subfield code="a">Milk industry  </subfield>
    <subfield code="2">atg</subfield>
  </datafield>
  <datafield tag="650" ind1="1" ind2="3">
    <subfield code="a">Pasteurized milk  </subfield>
    <subfield code="2">atg</subfield>
  </datafield>
  <datafield tag="650" ind1="1" ind2="3">
    <subfield code="a">Dairy processing plants  </subfield>
    <subfield code="2">atg</subfield>
  </datafield>
  <datafield tag="700" ind1="1" ind2=" ">
    <subfield code="a">Ram&#xED;rez V., Arnoldo</subfield>
    <subfield code="e">director</subfield>
  </datafield>
  <datafield tag="700" ind1="1" ind2=" ">
    <subfield code="a">Cano Flores, Ignacio Rub&#xE9;n</subfield>
    <subfield code="e">asesor</subfield>
  </datafield>
  <datafield tag="901" ind1=" " ind2=" ">
    <subfield code="a">TESIS H47 1974</subfield>
  </datafield>
  <datafield tag="902" ind1=" " ind2=" ">
    <subfield code="a">M</subfield>
  </datafield>
  <datafield tag="905" ind1=" " ind2=" ">
    <subfield code="a">0000001974                          mx A   0000000000spa00</subfield>
  </datafield>
  <datafield tag="942" ind1=" " ind2=" ">
    <subfield code="c">TESIS</subfield>
    <subfield code="2">Clasificaci&#xF3;n Universidad Aut&#xF3;noma Chapingo</subfield>
  </datafield>
  <datafield tag="999" ind1=" " ind2=" ">
    <subfield code="c">171121</subfield>
    <subfield code="d">171121</subfield>
  </datafield>
  <datafield tag="952" ind1=" " ind2=" ">
    <subfield code="0">0</subfield>
    <subfield code="1">0</subfield>
    <subfield code="2">local</subfield>
    <subfield code="4">0</subfield>
    <subfield code="5">1</subfield>
    <subfield code="7">0</subfield>
    <subfield code="8">TESIS</subfield>
    <subfield code="a">IA_</subfield>
    <subfield code="b">IA_</subfield>
    <subfield code="d">2022-01-18</subfield>
    <subfield code="e">El autor</subfield>
    <subfield code="l">0</subfield>
    <subfield code="o">Tesis H47 1974</subfield>
    <subfield code="p">1101011361</subfield>
    <subfield code="r">2026-02-02 00:00:00</subfield>
    <subfield code="t">Ej.1</subfield>
    <subfield code="w">2022-01-18</subfield>
    <subfield code="y">TESIS</subfield>
  </datafield>
  <datafield tag="952" ind1=" " ind2=" ">
    <subfield code="0">0</subfield>
    <subfield code="1">0</subfield>
    <subfield code="2">local</subfield>
    <subfield code="4">0</subfield>
    <subfield code="5">5</subfield>
    <subfield code="7">0</subfield>
    <subfield code="8">TESIS</subfield>
    <subfield code="a">IA_</subfield>
    <subfield code="b">IA_</subfield>
    <subfield code="d">2022-01-18</subfield>
    <subfield code="e">El autor</subfield>
    <subfield code="l">0</subfield>
    <subfield code="o">Tesis H47 1974</subfield>
    <subfield code="p">1101016389</subfield>
    <subfield code="r">2026-02-16 09:38:30</subfield>
    <subfield code="t">Ej.2</subfield>
    <subfield code="w">2022-01-18</subfield>
    <subfield code="y">TESIS</subfield>
  </datafield>
</record>
